| 000 | 00749nam a22002297a 4500 | ||
|---|---|---|---|
| 005 | 20081022121832.0 | ||
| 008 | 081022t xxu||||| |||| 00| 0 eng d | ||
| 010 | _aENG-84314 | ||
| 020 | _a0195685644 | ||
| 020 | _c475.00 (hb) | ||
| 035 | _aEN-67847 | ||
| 082 | _aN | ||
| 100 | _aGibbes, Phebe | ||
| 245 |
_aHartly, house, calcutta / _cby Phebe Gibbes; edited by Michael J Franlin |
||
| 260 |
_aNew Delhi _bOxford University Press |
||
| 260 | _c2007 | ||
| 300 |
_alvii,222p _c23cm |
||
| 500 | _aIncludes bibliographical references | ||
| 700 |
_aFranklin, Michael J _ced |
||
| 942 |
_2ddc _cEN _hN _mGIB |
||
| 999 |
_c17652 _d17652 |
||